Statistiken für Länder ohne politische Parteien

Klicken Sie hier um das Quiz zu spielen!

Allgemein

  • Dieses Quiz wurde 223 mal gespielt
  • Das Durchschnittsergebnis liegt bei 7 aus 10

Antwortstatistiken

HinweisLand% Korrekt
EuropaVatikanstadt
88%
AsienSaudi Arabien
73%
AsienKatar
71%
OzeanienTuvalu
71%
OzeanienPalau
70%
AsienVereinigte Arabische Emirate
68%
AsienBahrain
66%
AsienKuwait
66%
AsienOman
66%
OzeanienMikronesien
64%

Verteilung der Resultate

Perzentil nach korrekt beantworteten Fragen

Anzahl Personen mit jedem Resultat

Ihre Resultats-Entwicklung

Sie haben dieses Quiz noch nicht gespielt